000 00412 a2200145 4500
999 _c6188
_d6188
020 _a9780582984530
050 _aP 118.4 HAW 1986
100 _aHawkes, C. N
_eauthor
245 _aStep in new primary english:
_bgrade 1 book 2
_cC N Hawkes
264 _aHarare:
_bLongman
_c1986
300 _a64p.:
_bill.(col)
500 _aGrade 1 book 1 and 2
650 _aEnglish language
942 _2lcc
_cBK
_h118.4
_iHAW
_k1986